000 00708nam a22002295i 4500
001 170667
003 ES-MaACL
005 20240510063138.0
008 090330s1969 sp |||| | spa d
080 _a821.134.2-14"19"
100 1 _aSalomón, Carlos.
_9102019
245 1 0 _aAntología /
_cCarlos Salomon.
250 _a1ª ed.
260 _aSantander :
_bLa Isla de los Ratones,
_c1969.
300 _a70 p. ;
_c17 cm.
490 1 _aColección "Poetas de Hoy" ;
_v50
830 0 _aColección "Poetas de Hoy" ;
_v50
_9189058
852 _aES-MaACL
_j2253-F-10
_9177278
_cDEPOF
852 _aES-MaACL
_jC-35879/Ej.1
_bR.69478
_9142836
_cDEPO2
942 _2udc
999 _c170667
_d170667